00552nam a2200205 a 450000100060000000300090000600800410001502000150005604000280007108200090009910000260010824500140013426000350014830000140018359000470019765000290024465000440027394200120031799900170032920243CO-ViMGA141112s2004 ck r 000 u spa d a8426128491 aCO-ViMGAbspacCO-ViMGA04aCANs1 aCannon, Janell92926710aStelaluna aBarcelona : bJuventud, c1994 a48 p. il. aForma de adquisición : Premio Mincultura14aCUENTOS INFANTILES9274314aMURCIELAGOS - CUENTOS INFANTILES929268 2ddccBK c29281d29281